[Event "Crawley e2e4 Gatwick Whitsun op"]
[Site "Crawley"]
[Date "2016.05.30"]
[Round "7"]
[White "Moore, Gerald C"]
[Black "Verma, Aditya"]
[Result "1/2-1/2"]
[WhiteElo "2099"]
[BlackElo "1930"]
[PlyCount "73"]
[EventDate "2016.05.27"]
[EventType "swiss"]
[EventRounds "7"]
[EventCountry "ENG"]
[SourceTitle "EXT 2017"]
[Source "ChessBase"]
[SourceDate "2016.10.25"]
[SourceVersion "1"]
[SourceVersionDate "2016.10.25"]
[SourceQuality "1"]

1. Nf3 d5 2. g3 Nf6 3. Bg2 Bf5 4. c4 c6 5. cxd5 cxd5 6. Qb3 Qc7 7. Nc3 e6 8. d3 Nc6 9. 0-0 a6 10. Be3 Be7 11. Rac1 0-0 12. Na4 h6 13. Rc2 e5 14. Bb6 Qd7 15. Nc5 Bxc5 16. Bxc5 Rfe8 17. Nd2 Be6 18. Qa3 Bh3 19. e4 Bxg2 20. Kxg2 dxe4 21. dxe4 Rad8 22. Re1 Nh7 23. Nf3 Nf8 24. Rd2 Qc7 25. Rxd8 Rxd8 26. Bxf8 Rxf8 27. Rd1 Rd8 28. Rxd8+ Qxd8 29. Qc3 Qe7 30. a3 f6 31. Qc4+ Kh7 32. Nd2 Nd4 33. Nb3 Qe6 34. Qxe6 Nxe6 35. Kf3 Kg6 36. Ke3 Kf7 37. Na5 1/2-1/2

[Event "Crawley e2e4 Gatwick Whitsun op"]
[Site "Crawley"]
[Date "2016.05.28"]
[Round "3"]
[White "Moore, Gerald C"]
[Black "French, Max"]
[Result "1/2-1/2"]
[WhiteElo "2099"]
[BlackElo "1923"]
[PlyCount "50"]
[EventDate "2016.05.27"]
[EventType "swiss"]
[EventRounds "7"]
[EventCountry "ENG"]
[SourceTitle "CBM 172 Extra"]
[Source "ChessBase"]
[SourceDate "2016.06.21"]
[SourceVersion "1"]
[SourceVersionDate "2016.06.21"]
[SourceQuality "1"]

1. Nf3 Nf6 2. c4 e6 3. g3 d5 4. Bg2 Be7 5. 0-0 0-0 6. d4 dxc4 7. Na3 a6 8. Nxc4 Bd7 9. Nfe5 Bc6 10. Nxc6 Nxc6 11. e3 Qe8 12. Bd2 Rc8 13. Rc1 Nd5 14. Qb3 b5 15. Na5 Nxa5 16. Bxa5 c6 17. Rc2 Bd8 18. Bxd8 Qxd8 19. Rfc1 Qd7 20. Qa3 Rfd8 21. Rc5 Qb7 22. Qa5 Rd6 23. Bxd5 Rxd5 24. Qc3 Rd6 25. b4 h6 1/2-1/2